| 000 | 00368nam a22001337a 4500 | ||
|---|---|---|---|
| 008 | 230629b xxu||||| |||| 00| 0 eng d | ||
| 020 | _a0195211251 | ||
| 082 |
_a338.9 _bTWB 2000 |
||
| 245 |
_aEntering the 21st Century _bWorld Development Report 1999/2000 |
||
| 260 |
_aUSA _bOxford University Press _c2000 |
||
| 300 | _aIX,300p | ||
| 440 | _x01635085 | ||
| 942 |
_2ddc _cBK |
||
| 999 |
_c3016 _d3016 |
||